[Event "Budapest Spring op 26th"]
[Site "Budapest"]
[Date "2010.03.20"]
[Round "2"]
[White "Istvanovszky, Martin"]
[Black "Kovacs H, Zoltan"]
[Result "1-0"]
[WhiteElo "2217"]
[BlackElo "2074"]
[PlyCount "82"]
[EventDate "2010.03.19"]
[EventType "swiss"]
[EventRounds "9"]
[EventCountry "HUN"]
[SourceTitle "CBM 135 Extra"]
[Source "ChessBase"]
[SourceDate "2010.05.04"]
[SourceVersion "1"]
[SourceVersionDate "2010.05.04"]
[SourceQuality "1"]

1. e4 c5 2. b3 Nc6 3. Bb2 Nf6 4. Nc3 e6 5. Bb5 Nd4 6. e5 Nd5 7. Nxd5 Nxb5 8. Ne3 Be7 9. a4 Nc7 10. Qg4 g6 11. Nc4 0-0 12. f4 Ne8 13. Nf3 d5 14. Ne3 Ng7 15. h4 h5 16. Qh3 Bd7 17. Rg1 a6 18. g4 b5 19. gxh5 Nxh5 20. Qg4 Kh7 21. Nf1 d4 22. Ng3 Nxg3 23. Rxg3 Bc6 24. d3 Bxf3 25. Rxf3 Bxh4+ 26. Ke2 Kg7 27. axb5 Rh8 28. bxa6 Be7 29. Rh3 Rxh3 30. Qxh3 Qh8 31. Qxh8+ Kxh8 32. Kf3 Kg7 33. b4 Kf8 34. bxc5 Bxc5 35. Ke4 Ke7 36. Ba3 Bxa3 37. Rxa3 Kd7 38. a7 Kc6 39. Kxd4 Kb5 40. c4+ Kb4 41. Ra6 Kb3 1-0